000 00266nam a2200097Ia 4500
082 _a658.3|BUYS
245 0 _aManagement by coaching
100 _a Buys, Lauron Randburg, South Africa, 2011
_963682
942 _cBK
008 210817s9999 xx 000 0 und d
999 _c201991
_d201990